Stardew Valley: ALL Items - Statistics

General Stats
  • This quiz has been taken 82 times
    35 since last reset
  • The average score is 166 of 1592
Answer Stats
Answer % Correct
Egg (Brown)
84%
Egg (White)
84%
Apple
74%
Corn
74%
J (Sign)
74%
Milk
74%
Pumpkin
74%
Stone
74%
Wood
74%
Blueberry
68%
Cheese
68%
Goat Milk
68%
Hoe
68%
Pickaxe
68%
Truffle
68%
Wool
68%
Axe
63%
Bait
63%
Banana
63%
Clay
63%
Cloth
63%
Coal
63%
Daffodil
63%
Dinosaur Egg
63%
Duck Egg
63%
Gold Bar
63%
Gold Ore
63%
Large Egg (Brown)
63%
Large Egg (White)
63%
Mango
63%
Mayonnaise
63%
Melon
63%
Orange
63%
Parsnip
63%
Peach
63%
Quartz
63%
Red Mushroom
63%
Roe
63%
Strawberry
63%
Sunflower
63%
Wheat
63%
Wine
63%
Common Mushroom
58%
Copper Bar
58%
Copper Ore
58%
Crab
58%
Dinosaur Mayonnaise
58%
Duck Feather
58%
Emerald
58%
Fire Quartz
58%
Goat Cheese
58%
Hardwood
58%
Iridium Bar
58%
Iridium Ore
58%
Iron Bar
58%
Iron Ore
58%
Large Goat Milk
58%
Large Milk
58%
Leek
58%
Morel
58%
Pomegranate
58%
Prismatic Shard
58%
Purple Mushroom
58%
Rabbit's Foot
58%
Ruby
58%
Salmon
58%
Sap
58%
Spring Onion
58%
Watering Can
58%
Acorn
53%
Beer
53%
Cactus Fruit
53%
Cauliflower
53%
Chanterelle
53%
Cherry
53%
Coconut
53%
Copper Pickaxe
53%
Diamond
53%
Grape
53%
Iron Pickaxe
53%
Iron Watering Can
53%
Ostrich Egg
53%
Pale Ale
53%
Poppy
53%
Potato
53%
Starfruit
53%
Tomato
53%
Torch
53%
Truffle Oil
53%
Void Egg
53%
Void Mayonnaise
53%
Ancient Fruit
47%
Apricot
47%
Bat Wing
47%
Blackberry
47%
Blue Jazz
47%
Chest
47%
Coffee
47%
Copper Hoe
47%
Copper Watering Can
47%
Duck Mayonnaise
47%
Eel
47%
Fiber
47%
Geode
47%
Gold Hoe
47%
Gold Pickaxe
47%
Gold Watering Can
47%
Green Bean
47%
Hay
47%
Honey
47%
Iridium Pickaxe
47%
Iron Axe
47%
Iron Hoe
47%
Jade
47%
Juice
47%
Kale
47%
Omni Geode
47%
Pearl
47%
Pineapple
47%
Refined Quartz
47%
Rice
47%
Scythe
47%
Slime
47%
Squid
47%
Trash
47%
Wild Horseradish
47%
Winter Root
47%
Bread
42%
Broken Glasses
42%
Caviar
42%
Copper Axe
42%
Crocus
42%
Dandelion
42%
Galaxy Sword
42%
Gold Axe
42%
Golden Scythe
42%
Hazelnut
42%
Iridium Axe
42%
Iridium Hoe
42%
Iridium Watering Can
42%
Keg
42%
Magma Geode
42%
Maple Syrup
42%
Mixed Seeds
42%
Mussel
42%
Oil
42%
Omelet
42%
Oyster
42%
Pink Cake
42%
Rainbow Shell
42%
Salmonberry
42%
Seaweed
42%
Shrimp
42%
Stone Chest
42%
Sunflower Seeds
42%
Training Rod
42%
Tulip
42%
Tuna
42%
Aquamarine
37%
Blobfish
37%
Carp
37%
Carrot
37%
Chicken Statue
37%
Chicken Statue (Fruniture)
37%
Chocolate Cake
37%
Corn Seeds
37%
Driftwood
37%
Fried Egg
37%
Garlic
37%
Golden Pumpkin
37%
Iridium Rod
37%
Jelly
37%
'Joja Cola'
37%
Joja Cola
37%
Legend
37%
Lobster
37%
Lucky Lunch
37%
Melon Seeds
37%
Octopus
37%
Pine Cone
37%
Pizza
37%
Radioactive Bar
37%
Radioactive Ore
37%
Rare Seed
37%
Snail
37%
Sprinkler
37%
Treasure Chest
37%
Wild Plum
37%
Amethyst
32%
Battery Pack
32%
Beet
32%
Big Chest
32%
Big Stone Chest
32%
Blueberry Seeds
32%
Bone Fragment
32%
Bouquet
32%
Broccoli
32%
Clam
32%
Deluxe Bait
32%
Dwarf Scroll I
32%
Dwarf Scroll II
32%
Dwarf Scroll III
32%
Dwarf Scroll IV
32%
Fairy Rose
32%
Flounder
32%
Frozen Geode
32%
Ghostfish
32%
Granite
32%
Green Tea
32%
Holly
32%
Iridium Scythe
32%
Iridium Sprinkler
32%
Jack-O-Lantern
32%
Maple Seed
32%
Mead
32%
Moss
32%
Nautilus Shell
32%
Oak Resin
32%
Pancakes
32%
Pickles
32%
Pine Tar
32%
Pumpkin Seeds
32%
Radish
32%
Salad
32%
Sardine
32%
Sea Urchin
32%
Shrimp Cocktail
32%
Solar Essence
32%
Taro Root
32%
Tea Leaves
32%
Tomato Seeds
32%
Topaz
32%
Tortilla
32%
Void Essence
32%
Wild Bait
32%
Yam
32%
Ancient Seed
26%
Bamboo Pole
26%
Broken CD
26%
Cactus Seeds
26%
Calendar
26%
Cauliflower Seeds
26%
Cave Carrot
26%
Cinder Shard
26%
Cockle
26%
Cranberries
26%
Crystalarium
26%
Crystal Fruit
26%
Frozen Tear
26%
Furnace
26%
Ginger
26%
Hardwood Fence
26%
Hops
26%
Hot Pepper
26%
Lava Eel
26%
Legend II
26%
Midnight Carp
26%
Midnight Squid
26%
Opal
26%
Powdermelon
26%
Red Snapper
26%
Sea Cucumber
26%
Smallmouth Bass
26%
Spice Berry
26%
Spicy Eel
26%
Squid Ink
26%
Starfruit Seeds
26%
Strawberry Seeds
26%
Sugar
26%
Summer Spangle
26%
Wood Fence
26%
Aged Roe
21%
Amaranth
21%
Angler
21%
Artichoke
21%
Blue Discus
21%
Bomb
21%
Broccoli Seeds
21%
Carrot Seeds
21%
Catfish
21%
Chub
21%
Crab Pot
21%
Crayfish
21%
Crimsonfish
21%
Dorado
21%
Earth Crystal
21%
Eggplant
21%
Elliott Portrait
21%
Farm Computer
21%
Fiberglass Rod
21%
Fiddlehead Fern
21%
Glacierfish
21%
Glow Ring
21%
Golden Coconut
21%
Haley Portrait
21%
Largemouth Bass
21%
Leah Portrait
21%
Lightning Rod
21%
Lionfish
21%
Mermaid's Pendant
21%
Milk Pail
21%
Mini-Fridge
21%
Mutant Carp
21%
Obsidian
21%
Parsnip Seeds
21%
Penny Portrait
21%
Periwinkle
21%
Pike
21%
Poppy Seeds
21%
Powdermelon Seeds
21%
Raisins
21%
Red Cabbage
21%
Salmon Dinner
21%
Sam Portrait
21%
Sandfish
21%
Sashimi
21%
Scarecrow
21%
Sebastian Portrait
21%
Shane Portrait
21%
Shears
21%
Slingshot
21%
Smoked Fish
21%
'Stardrop'
21%
Stardrop
21%
Stone Fence
21%
Strange Doll (Green)
21%
Strange Doll (Yellow)
21%
Sunfish
21%
Super Cucumber
21%
Sweet Gem Berry
21%
Tapper
21%
Tigerseye
21%
Void Salmon
21%
Wheat Seeds
21%
Abigail Portrait
16%
Albacore
16%
Alex Portrait
16%
Anchovy
16%
Anvil
16%
Artifact Trove
16%
Auto-Petter
16%
Bean Starter
16%
Blueberry Tart
16%
Bok Choy
16%
Bug Meat
16%
Campfire
16%
Carp Surprise
16%
Chewing Stick
16%
Chowder
16%
Complete Breakfast
16%
Copper Pan
16%
Copper Pan (Hat)
16%
Cranberry Seeds
16%
Double Bed
16%
Explosive Ammo
16%
Fairy Dust
16%
Farmer's Lunch
16%
Galaxy Hammer
16%
Gate
16%
Goby
16%
Golden Egg
16%
Grass Starter
16%
Green Algae
16%
Halibut
16%
Harvey Portrait
16%
Hashbrowns
16%
Heater
16%
Herring
16%
Ice Cream
16%
Ice Pip
16%
Iron Fence
16%
Jack Be Nimble, Jack Be Thick
16%
Lime Stone
16%
Magic Bait
16%
Magma Cap
16%
Magnet
16%
Mannequin (F)
16%
Mannequin (M)
16%
Maple Bar
16%
Maru Portrait
16%
Mega Bomb
16%
Moss Soup
16%
Mystery Box
16%
Mystic Syrup
16%
Poi
16%
Potato Seeds
16%
Pumpkin Pie
16%
Qi Bean
16%
Qi Fruit
16%
Rainbow Trout
16%
Rhubarb
16%
Rhubarb Seeds
16%
Rice Shoot
16%
Sandstone
16%
Seafoam Pudding
16%
Single Bed
16%
Slime Egg (Blue)
16%
Slime Egg (Green)
16%
Slime Egg (Purple)
16%
Slime Egg (Red)
16%
Slime Egg (Tiger)
16%
Snow Yam
16%
Soggy Newspaper
16%
Solar Panel
16%
Spaghetti
16%
Spook Fish
16%
Staircase
16%
Stingray
16%
Stonefish
16%
Stone Sign
16%
Sturgeon
16%
Summer Squash
16%
Sweet Pea
16%
Triple Shot Espresso
16%
Unmilled Rice
16%
Vinegar
16%
Walleye
16%
White Algae
16%
Wood Path
16%
Wood Sign
16%
Yam Seeds
16%
Amaranth Seeds
11%
Ancient Doll
11%
Bear Statue
11%
Bone Sword
11%
Bruschetta
11%
Bug Steak
11%
Challenge Bait
11%
Cherry Bomb
11%
Coffee Bean
11%
Coleslaw
11%
Cowboy Hat
11%
Crab Cakes
11%
Decorative Bowl
11%
Deluxe Fertilizer
11%
Deluxe Fish Tank
11%
Deluxe Speed-Gro
11%
Dish O' The Sea
11%
Dragon Tooth
11%
Dried Fruit
11%
Dried Mushrooms
11%
Dwarvish Helm
11%
Eggplant Seeds
11%
Emily Portrait
11%
Fall Seeds
11%
Femur
11%
Fish Taco
11%
Fish Tank
11%
Fried Calamari
11%
Fruit Salad
11%
Galaxy Dagger
11%
Garlic Seeds
11%
Glass Shards
11%
Glowstone RIng
11%
Goggles
11%
Golden Mask
11%
Grape Starter
11%
Hematite
11%
Horse Flute
11%
Infinity Gavel
11%
Jewels Of The Sea
11%
Junimo Plush
11%
Kale Seeds
11%
Lemon Stone
11%
Marble
11%
Miner's Treat
11%
Mini-Jukebox
11%
Mixed Flower Seeds
11%
Monster Musk
11%
Ms. Angler
11%
Mudstone
11%
Party Hat (Blue)
11%
Party Hat (Green)
11%
Party Hat (Red)
11%
Pepper Seeds
11%
Poppyseed Muffin
11%
Prehistoric Rib
11%
Prehistoric Skull
11%
Prehistoric Tibia
11%
Qi Seasoning
11%
Quality Fertilizer
11%
Radioactive Carp
11%
Rain Totem
11%
Red Cabbage Seeds
11%
Return Scepter
11%
Rusty Sword
11%
Seed Maker
11%
Skeletal Hand
11%
Slime Incubator
11%
Slimejack
11%
Son of Crimsonfish
11%
Speed-Gro
11%
Spring Seeds
11%
Stone Floor
11%
Summer Seeds
11%
Summer Squash Seeds
11%
Survival Burger
11%
Tea Sapling
11%
Telephone
11%
Tilapia
11%
Trap Bobber
11%
Trout Soup
11%
Warp Totem: Beach
11%
Warp Totem: Desert
11%
Warp Totem: Farm
11%
Wheat Flour
11%
Winter Seeds
11%
Wood Floor
11%
Woodskip
11%
Workbench
11%
Aerinite
5%
Alex's Bat
5%
Amethyst Ring
5%
Anchor (Fruniture)
5%
Aquamarine Ring
5%
Artichoke Seeds
5%
Auto-Grabber
5%
Autumn's Bounty
5%
Bait Maker
5%
Baked Fish
5%
Barbed Hook
5%
Bean Hotpot
5%
Bee House
5%
Beet Seeds
5%
Bird House
5%
Blue Bonnet
5%
Blue Bow
5%
Bok Choy Seeds
5%
Book Of Stars
5%
Bream
5%
Brick Floor
5%
Cask
5%
Catalogue
5%
Cat Tree
5%
Cheese Press
5%
Chicken Mask
5%
Chipped Amphora
5%
Coffee Maker
5%
Cookie
5%
Cookout Kit
5%
Cork Bobber
5%
Cranberry Candy
5%
Crystal Floor
5%
Crystal Path
5%
Daisy
5%
Deluxe Scarecrow
5%
Deluxe Worm Bin
5%
Doghouse
5%
Dried Starfish
5%
Dwarf Gadget
5%
Eggplant Parmesan
5%
Elvish Jewelry
5%
Emerald Ring
5%
Fairy Box
5%
Field Snack
5%
Fish Smoker
5%
Fluorapatite
5%
Fossilized Leg
5%
Fossilized Ribs
5%
Fossilized Skull
5%
Fossilized Tail
5%
Fried Eel
5%
Frog Egg
5%
Furniture Catalogue
5%
Galaxy Soul
5%
Garden Pot
5%
Ginger Ale
5%
Glacierfish Jr.
5%
Glazed Yams
5%
Golden Mystery Box
5%
Golden Relic
5%
Gold Pan
5%
Gold Pan (Hat)
5%
Governor's Hat
5%
Heavy Furnace
5%
??HMTGF??
5%
Hops Starter
5%
Ice Rod
5%
Infinity Blade
5%
Infinity Dagger
5%
Iridium Band
5%
Iridium Pan
5%
Iridium Pan (Hat)
5%
Jasper
5%
Jazz Seeds
5%
Joja Furniture Catalogue
5%
Junimo Chest
5%
Krobus Portrait
5%
Life Elixir
5%
Lingcod
5%
Lucky Ring
5%
Lunarite
5%
Magnet Ring
5%
Mahogany Seed
5%
Maki Rool
5%
Mango Sticky Rice
5%
Marble Brazier
5%
Master Slingshot
5%
Monster Compendium
5%
Mossy Seed
5%
Mouse Ears
5%
Movie Ticket
5%
Mummified Bat
5%
Mummified Frog
5%
Mushroom Log
5%
Nekoite
5%
Oak Chair
5%
Oak Dresser
5%
Oak Table
5%
Obsidian Edge
5%
Oil Maker
5%
Oil of Garlic
5%
Ol' Slitherlegs
5%
Pale Broth
5%
Panda Hat
5%
Parrot Egg
5%
Pepper Poppers
5%
Perch
5%
Petrified Slime
5%
Piña Colada
5%
Pineapple Seeds
5%
Pink Bow
5%
??Pinky Lemon??
5%
Preserves Jar
5%
Price Catalogue
5%
Prize Ticket
5%
Pumpkin Soup
5%
Quality Sprinkler
5%
Queen Of Sauce Cookbook
5%
Raccoon Hat
5%
Radish Salad
5%
Radish Seeds
5%
Red Mullet
5%
Rhubarb Pie
5%
Roasted Hazelnuts
5%
Roots Platter
5%
Ruby Ring
5%
Rusty Spoon
5%
Rusty Spur
5%
Scorpion Carp
5%
Seasonal Plant
5%
Sewing Machine
5%
Singing Stone
5%
Skeletal Tail
5%
Slate
5%
Small Junimo Plush
5%
Snake Skull
5%
Snake Vertebrae
5%
Spangle Seeds
5%
Stardrop Tea
5%
Statue Of Perfection
5%
Steel Pan
5%
Steel Pan (Hat)
5%
Stone Brazier
5%
Strange Bun
5%
Straw Floor
5%
Taro Tuber
5%
Tea Set
5%
Text Sign
5%
Thunder Egg
5%
Tiger Trout
5%
Tire
5%
Tom Kha Soup
5%
Topaz Ring
5%
Treasure Totem
5%
Tree Fertilizer
5%
Trilobite
5%
Tulip Bulb
5%
Warp Totem: Island
5%
Warp Totem: Mountains
5%
Wedding Ring
5%
Wilted Bouquet
5%
Wood Club
5%
Woodcutter's Weekly
5%
Wooden Brazier
5%
Worm Bin
5%
'1000 Years From Now'
0%
Abby's Planchette
0%
Abigail's Bow
0%
'Abstract'
0%
Advanced Iridium Rod
0%
Alamite
0%
Algae Soup
0%
Aluminum Can
0%
Amethyst Crystal Ball
0%
Amphibian Fossil
0%
Anchor
0%
Ancient Drum
0%
Ancient Seeds
0%
Ancient Sword
0%
'A Night On Eco-Hill'
0%
Animal Catalogue
0%
Aquamarine Crystal Ball
0%
Aquatic Sanctuary
0%
Arcane Hat
0%
Archer's Cap
0%
Arrowhead
0%
Artichoke Dip
0%
Artist Bookcase
0%
Art Photo
0%
Art Photo 2
0%
Bait And Bobber
0%
Bamboo Mat
0%
Banana Pudding
0%
Barrel Brazier
0%
Baryte
0%
Basalisk Paw
0%
Basalt
0%
Basic Fertilizer
0%
Basic Log
0%
Basic Retaining Soil
0%
Basic Window
0%
Beanie
0%
Big Green Cane
0%
Big Red Cane
0%
'Binary'
0%
Birch Bench
0%
Birch Chair
0%
Birch Double Bed
0%
Birch Dresser
0%
Birch End Table
0%
Birch Lamp End Table
0%
Birch Pinstripe Bed
0%
Birch Table
0%
Birch Tea-Table
0%
Bixite
0%
Blackberry Cobbler
0%
Black Cushion
0%
Blobfish Mask
0%
Blossom Rug
0%
Blue Armchair
0%
'Blueberries'
0%
Bluebird Mask
0%
Blue Book
0%
Blue Bottle
0%
'Blue City'
0%
Blue Couch
0%
Blue Cowboy Hat
0%
Blue Cushion
0%
Blue Diner Chair
0%
Blue Grass Starter
0%
Blue Pinstripe Double Bed
0%
Blue Ribbon
0%
Blue Sleeping Junimo
0%
Blue Stool
0%
Boarded Window
0%
'Boat'
0%
Bobo Statue
0%
Bone Flute
0%
Bone Mill
0%
Bone Rug
0%
Bonsai Tree
0%
Book of Mysteries
0%
Book Pile
0%
Book Stack
0%
Bountiful Dining Table
0%
Bowler Hat
0%
Box Lamp
0%
Breakfast Chair
0%
Brick Fireplace
0%
Bridal Viel
0%
Brochure Cabinet
0%
Broken Television
0%
Broken Trident
0%
Brown Armchair
0%
Brown Book
0%
Brown Couch
0%
Brown Cushion
0%
Bucket Hat
0%
Budget TV
0%
Bulletin Board
0%
Bullhead
0%
Burglar's Ring
0%
Burglar's Shank
0%
Buried Tire
0%
Burlap Rug
0%
'Burnt Offering'
0%
Butterfly Bow
0%
Butterfly Hutch
0%
Butterfly Powder
0%
Calcite
0%
Calico Egg
0%
Calico Falls
0%
Calico Statue
0%
Candle Lamp
0%
Candy Table
0%
Carved Brazier
0%
Carved Window
0%
Carving Knife
0%
Cash Register
0%
Cat Ears
0%
Cauldron
0%
Ceiling Flags
0%
Ceiling Leaves
0%
Celestine
0%
Ceramic Pillar
0%
Charcoal Kiln
0%
'Checkers'
0%
Cheese Cauliflower
0%
Chef Hat
0%
Chicken Decal
0%
Child Bed
0%
China Cabinet
0%
Cinderclown Shoes
0%
Circular Junimo Rug
0%
Classic Lamp
0%
Claymore
0%
Clothesline
0%
Cloud Decal
0%
'Clouds'
0%
Clouds Banner
0%
Coat Stand
0%
Cobblestone Path
0%
Coffee Table
0%
Colorful Set
0%
Combat Boots
0%
Combat Quarterly
0%
'Community Center'
0%
??? (Concerned Ape Mask)
0%
Cone Hat
0%
Cool Cap
0%
Corn Plant
0%
Country Chair
0%
Country Lamp
0%
Cowboy Boots
0%
Cow Decal
0%
Cowgal Hat
0%
Cowpoke Hat
0%
Crabshell Ring
0%
Cranberry Sauce
0%
Crispy Bass
0%
Crystal Ball
0%
Crystal Chair
0%
Crystal Dagger
0%
Crystal Shoes
0%
Curiosity Lure
0%
Curly Tree
0%
Cursed Mannequin (F)
0%
Cursed Mannequin (M)
0%
Cute Chair
0%
Cutlass
0%
'Dancing Grass'
0%
Dark Ballcap
0%
Dark Bookcase
0%
Dark Boots
0%
Dark Cat Tree
0%
Dark Couch
0%
Dark Cowboy Hat
0%
Dark Doghouse
0%
Dark Junimo Cushion
0%
Dark Leafy Wall Panel
0%
Dark Piano
0%
Dark Retro Cushion
0%
Dark Rug
0%
Dark Sign
0%
Dark Sword
0%
Dark Table
0%
Dark Throne
0%
Dark Velvet Bow
0%
Dark Wizard Cushion
0%
Deconstructor
0%
Decorative Axe
0%
Decorative Barrel
0%
Decorative Door
0%
Decorative Hatch
0%
Decorative Joja Door
0%
Decorative Junimo Door
0%
Decorative Lantern
0%
Decorative Oak Ladder
0%
Decorative Pitchfork
0%
Decorative Retro Door
0%
Decorative Shovel
0%
Decorative Sword
0%
Decorative Trash Can
0%
Decorative Walnut Ladder
0%
Decorative Wizard Door
0%
Dehydrator
0%
Delicate Bow
0%
Deluxe Cowboy Hat
0%
Deluxe Pirate Hat
0%
Deluxe Red Double Bed
0%
Deluxe Retaining Soil
0%
Deluxe Tree
0%
Desert Chair
0%
Desert End Table
0%
Desert Fireplace
0%
Desert Flag
0%
Desert Rug
0%
Desert Table
0%
Dining Chair (Red)
0%
Dining Chair (Yellow)
0%
Dinosaur Hat
0%
Diviner Table
0%
Dolomite
0%
Dragonscale Boots
0%
Dragontooth Club
0%
Dragontooth Cutlass
0%
Dragontooth Shiv
0%
Dressed Spinner
0%
Dried Sunflowers
0%
Drum Block
0%
Dusty Skull
0%
Dwarf Dagger
0%
Dwarf Hammer
0%
Dwarf Sword
0%
Dwarvish Safety Manual
0%
Earmuffs
0%
Ectoplasm
0%
Elegant Fireplace
0%
Elegant Turban
0%
Elegant Vase
0%
Elf Blade
0%
Elixir Bundle
0%
Elixir Shelf
0%
Elixir Table
0%
Elliott's Pencil
0%
Emerald Crystal Ball
0%
Emily's Magic Boots
0%
Emily's Magic Hat
0%
Enricher
0%
Escargot
0%
Esperite
0%
Exotic Double Bed
0%
Exotic Palace
0%
Exotic Tree
0%
Eye Patch
0%
Fairy Seeds
0%
Fairy Stone
0%
Fallen Blue Book
0%
Fallen Brown Book
0%
Fallen Green Book
0%
Fallen Purple Book
0%
Fallen Red Book
0%
Fallen Yellow Book
0%
Fancy House Plant
0%
Far Away Stone
0%
Fashion Hat
0%
Fedora
0%
Festive Dining Table
0%
Fiber Seeds
0%
Fiddlehead Risotto
0%
Fire Opal
0%
Firewalker Boots
0%
Fireworks (Green)
0%
Fireworks (Purple)
0%
Fireworks (Red)
0%
Fisher Double Bed
0%
Fishing Hat
0%
Fish Stew
0%
Flat Topped Hat
0%
Floor Divider
0%
Floor TV
0%
Floppy Beanie
0%
Flute Block
0%
Foliage Print
0%
Forager's Hat
0%
Forest Sword
0%
??Foroguemon??
0%
Fossilized Spine
0%
Fried Mushroom
0%
Friendship 101
0%
Frog Hat
0%
'Frozen Dreams'
0%
Fruit Salad Rug
0%
Funky Rug
0%
Futan bear
0%
Futan Rabbit
0%
Garbage Hat
0%
Geminite
0%
Genie Shoes
0%
Geode Crusher
0%
Ghost Crystal
0%
Gil's Hat
0%
Globe
0%
Glyph
0%
Gnome's Cap
0%
Goblin Mask
0%
Gold Brazier
0%
Golden Animal Cracker
0%
Golden Bobber
0%
Golden Helmet
0%
Golden Spur
0%
Golden Tag
0%
Gold Pillar
0%
Good Ol' Cap
0%
Gourmand Statue
0%
Grandmother End Table
0%
Gravel Path
0%
Grave Stone
0%
Gray Joja Bookcase
0%
Gray Joja Coffee Table
0%
Gray Joja Cussion
0%
Gray Joja Dresser
0%
Gray Joja End Table
0%
Gray Sleeping Junimo
0%
Green Armchair
0%
Green Book
0%
Green Bottle
0%
Green Canes
0%
Green Cottage Rug
0%
Green Couch
0%
Green Cushion
0%
Green Office Stool
0%
Green Plush Seat
0%
Green Serpent Statue
0%
Green Sleeping Junimo
0%
Green Stool
0%
Green Turban
0%
'Groovy'
0%
Groovy Chair
0%
Hair Bone
0%
Haley's Iron
0%
Hanging Fish
0%
Hanging Shield
0%
Hard Hat
0%
Harvey's Mallet
0%
Heavy Tapper
0%
Helvite
0%
'Highway 89'
0%
Holy Blade
0%
Hopper
0%
Horse: The Book
0%
Hot Java Ring
0%
House Plant
0%
Hunter's Cap
0%
'Hut'
0%
Hyper Speed-Gro
0%
Icy Rug
0%
Immunity Band
0%
Indoor Hanging Basket
0%
Indoor Palm
0%
Industrial Pipe
0%
Infinity Crown
0%
Insect Head
0%
Iridium Fireplace
0%
Iridium Krobus
0%
Iridium Needle
0%
Iron Dirk
0%
Iron Edge
0%
Iron Lamp-post
0%
'It Howls In The Rain'
0%
'Jade Hills'
0%
'Jade Hills Extended'
0%
Jade Ring
0%
Jagoite
0%
Jamborite
0%
J. Cola Light
0%
Jester Hat
0%
J. Light
0%
Joja Bed
0%
Joja Bookcase
0%
Joja Cap
0%
Joja Chair
0%
Joja Coffee Table
0%
Joja Cola Cans
0%
Joja Cola Fridge
0%
Joja Cola Ornament
0%
Joja Cola Tea Table
0%
Joja Couch
0%
Joja Crate
0%
Joja Cushion
0%
Joja Dresser
0%
Joja End Table
0%
Joja Fireplace
0%
'Joja HQ'
0%
Joja Lamp
0%
Joja Rug
0%
Joja Shopping Cart
0%
Joja Stool
0%
Joja Table
0%
Joja Vault
0%
'Journey Of The Prairie King: The Motion Picture'
0%
J. Painting
0%
Jungle Decal
0%
Jungle Tank
0%
Jungle Torch
0%
Junimo Bag
0%
Junimo Bed
0%
Junimo Bookcase
0%
Junimo Bundle
0%
Junimo Catalogue
0%
Junimo Chair
0%
Junimo Couch
0%
Junimo Cushion
0%
Junimo Dresser
0%
Junimo End Table
0%
Junimo Fireplace
0%
Junimo Flower
0%
Junimo Hat
0%
Junimo Hut (Fruniture)
0%
Junimo Kart Arcade System
0%
Junimo Lamp
0%
Junimo Mat
0%
Junimo Plant
0%
Junimo Plaque
0%
Junimo Pot
0%
Junimo Rug
0%
Junimo Star
0%
Junimo Stool
0%
Junimo Table
0%
Junimo Tea Table
0%
Junimo Tree
0%
Junimo Wall Plaque
0%
Kdugel
0%
King Chair
0%
'Kitemaster '95'
0%
Knight's Helmet
0%
Kyanite
0%
'Land Of Clay'
0%
Large Book Pile
0%
Large Book Stack
0%
Large Brown Couch
0%
Large Cottage Rug
0%
Large Fish Tank
0%
Large Green Rug
0%
Large Joja Crate
0%
Large Joja Rug
0%
Large Junimo Hut
0%
Large Rad Rug
0%
Large Retro Rug
0%
Large Wizard Bookcase
0%
Laurel Wreath Crown
0%
Lava Katana
0%
Lawn Flamingo
0%
Lead Bobber
0%
Lead Rod
0%
Leafy Wall Panel
0%
Leah's Sculpture
0%
Leah's Whittler
0%
Leather Boots
0%
Leprechaun Hat
0%
Leprechaun Shoes
0%
Lg. Futon Bear
0%
Lifesaver
0%
Light Green Rug
0%
Light Leafy Wall Panel
0%
Light Switch
0%
'Little Buddies'
0%
Little Photots
0%
'Little Tree'
0%
Living Hat
0%
L. Light String
0%
Lobster Bisque
0%
Logo Cap
0%
Log Panel
0%
Log Section
0%
Long Cactus
0%
Long Elixir Table
0%
Long Palm
0%
Loom
0%
Luau Table
0%
Lucky Bow
0%
Luxury Bookcase
0%
Luxury Table
0%
Magic Cowboy Hat
0%
Magic Hair Gel
0%
Magic Quiver
0%
Magic Rock Candy
0%
Magic Turban
0%
Mahogany Bench
0%
Mahogany Chair
0%
Mahogany Dining Table
0%
Mahogany Dresser
0%
Mahogany End Table
0%
Mahogany Lamp End Table
0%
Mahogany Table
0%
Mahogany Tea-Table
0%
Malachite
0%
Manager of the Year
0%
Manicured Pine
0%
Mapping Cave Systems
0%
Maru's Wrench
0%
Mayonnaise Machine
0%
Meowmere
0%
Mermaid Boots
0%
Messy Shirt
0%
Messy Shorts
0%
Metal Chair
0%
Metal Window
0%
Midnight Beach Bed
0%
Midnight Beach Double Bed
0%
Miner's Crest
0%
Mini-Forge
0%
Mining Monthly
0%
Mini-Obelisk
0%
Mini-Shipping Bin
0%
Mixed Cabe
0%
Model Planes
0%
Model Ship
0%
Modern Bench
0%
Modern Bookcase
0%
Modern Dining Table
0%
Modern Double Bed
0%
Modern End Table
0%
Modern Fish Tank
0%
Modern Lamp
0%
Modern Rug
0%
Modern Table
0%
Modern Tea-Table
0%
Moldy Couch
0%
Monster Danglers
0%
Monster Fireplace
0%
Monster Rug
0%
Moon Table
0%
Mounted Trout
0%
Mr. Qi's Hat
0%
Mummy Mask
0%
Mushroom Cap
0%
Mushroom Tree Seed
0%
My First Painting
0%
'Mysterium'
0%
Mystery Hat
0%
Mystic Rug
0%
Mystic Tree Seed
0%
Napalm Ring
0%
'Natural Wonders: Exploring Our Vibrant World'
0%
Nautical Rug
0%
Nautilus Fossil
0%
Needlepoint Flower
0%
Neolithic Table
0%
Neptune's Glaive
0%
Neptunite
0%
Night Sky Decal 1
0%
Night Sky Decal 2
0%
Night Sky Decal 3
0%
Oak Bench
0%
Oak End Table
0%
Oak Lamp End Table
0%
Oak Tea-Table
0%
Obsidian Vase
0%
Oceanic Rug
0%
Ocean Stone
0%
Official Cap
0%
Old World Rug
0%
Orange Office Stool
0%
Orange Sleeping Junimo
0%
Ornamental Fan
0%
Ornamental Hay Bale
0%
Ornate Lamp
0%
Ornate Necklace
0%
Ornate Window
0%
Orpiment
0%
Ossified Blade
0%
Ostrich Incubator
0%
Outlet
0%
Pageboy Cap
0%
Palm Fossil
0%
Palm Wall Ornament
0%
Paper Hat
0%
Parsnip Soup
0%
Patchwork Rug
0%
'Pathways'
0%
Penny's Fryer
0%
Periodic Table
0%
Phoenix Ring
0%
'Physics 101'
0%
Pierre's Missing Stocklist
0%
Pierre's Sign
0%
Pig Painting
0%
Pink Office Chair
0%
Pink Plush Seat
0%
Pirate Double Bed
0%
Pirate Flag
0%
Pirate Hat
0%
Pirate Rug
0%
Pirate's Sword
0%
Plain Torch
0%
Plasma TV
0%
Plastic Bag
0%
Plastic Lawn Chair
0%
Plastic Lawn End Table
0%
Plastic Plant
0%
Plastic Sapling
0%
Plum Chapeau
0%
Plum Pudding
0%
Plush Bunny
0%
Polka Bow
0%
Porthole
0%
'Portrait Of A Mermaid'
0%
Potted Red Mushroom
0%
Prairie King Arcade System
0%
Prehistoric Handaxe
0%
Prehistoric Scapula
0%
Prehistoric Tool
0%
Pressure Nozzle
0%
'Primal Motion
0%
Prismatic Jelly
0%
Propeller Hat
0%
Protection Ring
0%
Pub Table Puzzle Table
0%
Pumpkin Mask
0%
Purple Book
0%
Purple Office Chair
0%
Purple Serpent Statue
0%
Purple Sleeping Junimo
0%
Pyramid Decal
0%
Pyrite
0%
Qi Mask
0%
Quality Bobber
0%
Quality Retaining Soil
0%
Queen of the Gem Sea'
0%
Raccoon Journal
0%
Radioactive Goggles
0%
Radio Desk
0%
Rare Disc
0%
Rare Vertebra
0%
Recycling Machine
0%
Red Armchair
0%
Red Book
0%
Red Canes
0%
Red Cottage Rug
0%
Red Couch
0%
Red Cowboy Hat
0%
Red Cushion
0%
Red Diner Chair
0%
'Red Eagle'
0%
Red Fez
0%
Red Plate
0%
Red Rug
0%
Red Sleeping Junimo
0%
Retro Bed
0%
Retro Bookcase
0%
Retro Cabinet
0%
Retro Catalogue
0%
Retro Chair
0%
Retro Couch
0%
Retro Cushion
0%
Retro Dresser
0%
Retro End Table
0%
Retro Fireplace
0%
Retro Flower
0%
Retro Lamp
0%
Retro Mat
0%
Retro Plant
0%
Retro Radio
0%
Retro Square
0%
Retro Square Rug
0%
Retro Stool
0%
Retro Table
0%
Retro Tea Table
0%
Retro TV
0%
Rice Pudding
0%
Ring of Yoba
0%
Rotten Plant
0%
Rubber Boots
0%
Ruby Crystal Ball
0%
Rune Rug
0%
'Runes'
0%
Rustic Plank Floor
0%
Rusty Cog
0%
Sailor's Cap
0%
Sam's Boombox
0%
Sam's Old Gutiar
0%
Sam's Skateboard
0%
Sandy Rug
0%
Santa Hat
0%
Savage Ring
0%
Seasonal Decor
0%
Seb's Lost Mace
0%
Shad
0%
Shadow Dagger
0%
Short Bookcase
0%
Short Wizard Bookcase
0%
Sign Of The Vessel
0%
Silver Saber
0%
Six-Pack Rings
0%
Skeleton Mask
0%
Skeleton Statue
0%
Skull Brazier
0%
Skull Poster
0%
Slime Charmer Ring
0%
Slime Egg-Press
0%
Small Book Pile
0%
Small Cap
0%
Small Crystal
0%
Small Elixir Shelf
0%
Small Fish Tank
0%
Small Glow Ring
0%
Small Joja Rug
0%
Small Junimo Hut
0%
Small Junimo Mat
0%
Small Junimo Pot
0%
Small Magnet Ring
0%
Small Plant
0%
Small Stacked Elixir Shelf
0%
Small Wall Pumpkin
0%
Small Window
0%
Small Wizard Bookcase
0%
Sneakers
0%
Snowy Rug
0%
Soapstone
0%
Soda Machine
0%
'Solar Kingdom'
0%
Solid Gold Lewis
0%
Sombrero
0%
Sonar Bobber
0%
Soul Sapper Ring
0%
Sou'Wester
0%
Space Boots
0%
Space Helmet
0%
Spilled Beverage
0%
S. Pine
0%
Spinner
0%
'Spires'
0%
Spirits Table
0%
Sports Cap
0%
Spotted Headscarf
0%
Square Joja Rug
0%
Square Junimo Rug
0%
Squid Hat
0%
Squid Ink Ravioli
0%
'Squid Kid'
0%
Squire's Helmet
0%
Squirrel Figurine
0%
Stacked Elixir Shelf
0%
Stacked Joja Boxes
0%
Standing Geode
0%
Stardew Hero Trophy
0%
Stardew Valley Almanac
0%
Star Helmet
0%
Starport Decal
0%
Starry Double Bed
0%
Starry Moon Rug
0%
Star Shards
0%
'Starship'
0%
Statue Of Blessings
0%
Statue Of Endless Fortune
0%
Statue Of The Dwarf King
0%
Statue Of True Perfection
0%
Steel Falchion
0%
Steel Smallsword
0%
Stepping Stone Path
0%
Stir Fry
0%
Stone Carin
0%
Stone Fireplace
0%
Stone Flooring
0%
Stone Frog
0%
Stone Junimo
0%
Stone Owl
0%
Stone Parrot
0%
Stone Slab
0%
Stone Walkway Floor
0%
Stove Fireplace
0%
Strawberry Decal
0%
Strawberry Double Bed
0%
Straw Hat
0%
Stuffing
0%
Stump Brazier
0%
Stump Seat
0%
Stump Torch
0%
Sturdy Ring
0%
Suit Of Armor
0%
'Sun 44'
0%
'Sun 45'
0%
Sun Dunes
0%
Sunglasses
0%
Sun Table
0%
Super Meal
0%
S. Wall Flower
0%
Swamp Plant
0%
Swashbuckler Hat
0%
Swirl Rug
0%
Table Plant
0%
Tall House Plant
0%
Targeted Bait
0%
Tempered Broadsword
0%
Templar's Blade
0%
Tent Kit
0%
The Alleyway Buffet
0%
The Art O' Crabbing
0%
'The Brave Little Sapling'
0%
The Diamond Hunter
0%
'The Miracle At Coldstar Ranch'
0%
'The Muzzamaroo'
0%
Thermal Boots
0%
'The Serpent'
0%
The Slammer
0%
The Zuzu City Express'
0%
Thorns Ring
0%
'Three Trees'
0%
Tiara
0%
Tiger Hat
0%
Topaz Crystal Ball
0%
Top Hat
0%
Topiary Tree
0%
Totem Mask
0%
Totem Pole
0%
Trash Catalogue
0%
Treasure Appraisal Guide
0%
Treasure Hunter
0%
Tree Column
0%
Tree of the Winter Star
0%
Triangle Window
0%
Tricorn Hat
0%
Tropical Bed
0%
Tropical Chair
0%
Tropical Curry
0%
Tropical Double Bed
0%
'Tropical Fish 173'
0%
Tropical TV
0%
Tropiclip
0%
Trucker Hat
0%
Tub o' Flowers
0%
Tundra Boots
0%
Two Elixirs
0%
'UFO'
0%
Upright Piano
0%
Vampire Ring
0%
'Vanilla Villa'
0%
Vegetable Medley
0%
'VGA Paradise'
0%
'Vista'
0%
Void Ghost Pendant
0%
'Void Swirls'
0%
'Volcano' Photo
0%
Wall Basket
0%
Wall Cactus
0%
Wall Clock
0%
Wall Flower
0%
Wallflower Pail
0%
Wall Palm
0%
Wall Pumpkin
0%
Wall Sconce
0%
Wall Sword
0%
Walnut Bench
0%
Walnut Chair
0%
Walnut Dresser
0%
Walnut End Table
0%
Walnut Lamp End Table
0%
Walnut Table
0%
Walnut Tea-Table
0%
Warrior Helmet
0%
Warrior Ring
0%
Watermelon Band
0%
Way Of The Wind (Pt. 1)
0%
Way Of The Wind (Pt. 2)
0%
Wearable Dwarf Helm
0%
Weathered Floor
0%
White Bow
0%
White Turban
0%
Wicked Kris
0%
Wicked Statue
0%
Wind Spire
0%
Wine Table
0%
Winter Chair
0%
Winter Dining Table
0%
Winter End Table
0%
Winter Table
0%
Winter Tree Decal
0%
Witch Hat
0%
Witch's Broom
0%
Wizard Bed
0%
Wizard Bookcase
0%
Wizard Bookshelf
0%
Wizard Catalogue
0%
Wizard Chair
0%
Wizard Couch
0%
Wizard Cushion
0%
Wizard Double Bed
0%
Wizard Dresser
0%
Wizard End Table
0%
Wizard Fireplace
0%
Wizard Lamp
0%
Wizard Stool
0%
'Wizard's Tower'
0%
Wizard Study
0%
Wizard Table
0%
Wizard Tea Table
0%
Wood Chipper
0%
Woodcut Rug
0%
Wooden Blade
0%
Wood Lamp-post
0%
Wood Mallet
0%
Wood Panel
0%
Woodsy Couch
0%
Woody's Secret
0%
Work Boots
0%
World Map
0%
Wrapper
0%
'Wumbus'
0%
Wumbus Statue
0%
Yellow Armchair
0%
Yellow Book
0%
Yellow Couch
0%
Yellow Cushion
0%
Yellow Sleeping Junimo
0%
Yeti Tooth
0%
No matching quizzes found
Score Distribution
Percent of People with Each Score
Percentile by Number Answered
Your Score History
You have not taken this quiz since the last reset